WWE - Multiple Choice Quiz #3 - Statistics

General Stats
  • This quiz has been taken 575 times
  • The average score is 9 of 15
Answer Stats
Question Answer % Correct
Chris Jericho debuted in 1999 by interrupting which superstar... The Rock
80%
Who did The Shield defeat in their first WWE match at TLC 2012? Kane, Daniel Bryan and Ryback
73%
Who has Rey Mysterio NOT won the Tag Team Championship with? Booker T
72%
The Rock defended the WWE Championship against two opponents at SummerSlam 2000. Who did he face? Kurt Angle and Triple H
72%
Randy Savage and Hulk Hogan formed a tag team that was known as... The Mega Powers
69%
CM Punk became the new leader of The Nexus faction in early 2011. What did he rename the group? The New Nexus
66%
How many times has Yokozuna won the WWE Championship? Twice
66%
Mark Henry has NOT won which of the following titles? Intercontinental Championship
60%
Who was the main commentary team for Smackdown from 2002 until the summer of 2006? Michael Cole and Tazz
60%
Who was the first ever European Champion? The British Bulldog
60%
Who won the Money In The Bank Ladder match in 2006? Rob Van Dam
56%
Who did Hulk Hogan challenge for the WWE Championship at WrestleMania VII (1991)? Sgt. Slaughter
54%
Only one Hell in a Cell match took place during 2003. Who faced off inside the hellacious structure? Triple H and Kevin Nash
54%
Who did Christian hire as his "problem solver" in 2004? Tyson Tomko
51%
AJ Styles defeated Jinder Mahal to win the WWE Championship on Smackdown in November 2017. What country did the match take place in? United Kingdom
48%
No matching quizzes found
Score Distribution
Percent of People with Each Score
Percentile by Number Answered
Your Score History
You have not taken this quiz